000 01252nam a22003497a 4500
001 BR8702882
003 BR-BrBNA
005 20230928092540.0
007 ta
008 230509b bl.||||| |||| 00| 0 por d
040 _aBR-BrBNA
_bpor
_cBiblioteca Nacional de Agricultura
041 _a(Por)
072 _aE70
_b1730
090 _ 1730 BR8702882
100 1 _aRibeiro, O.M.
100 1 _aAlmeida, W.J.F. de
100 1 _aBrandao, F.
100 1 _aAndrade, M.E.
100 1 _aRegina, S.M.
100 1 _aVilela, M.R.
110 1 _aAssociacao de Credito e Assistencia Rural, Belo Horizonte, MG (Brasil). Coordenadoria de Horticultura;
_9513
110 1 _aMinisterio da Agricultura, Belo Horizonte, MG (Brasil). Setor de Padronizacao, Classificacao e Inspecao de Produtos de Origem Vegetal
245 1 _aEspecificacao da padronizacao do alho (Allium sativum L. e Allium ampeloprasum L.)visando a sua classificacao
_bInformacoes ACAR
260 3 _aBelo Horizonte, MG (Brasil):
_c1971.
300 _a6 p.
500 _a(*) Documento disponível no(a) EMATER, Belo Horizonte, MG (Brazil)
650 _aALHO
650 _aCLASSIFICACAO DE PRODUTO
650 _aCOMERCIALIZACAO
909 _a202309
_bLucia
_c55
_dLucia Elande
942 _cBK
999 _c39737
_d39737